Vitamin or not? - Statistics

General Stats
  • This quiz has been taken 9 times
  • The average score is 2 of 8
Answers on the Grid
Answers color-coded by a green-red scale on the quiz's grid according to % correct below.
 
Answer Stats
Answer % Correct
100%
33%
33%
33%
33%
0%
0%
0%
No matching quizzes found
Score Distribution
Percent of People with Each Score
Percentile by Number Answered
Your Score History
You have not taken this quiz